| 000 | 00781nam a2200253Ia 4500 | ||
|---|---|---|---|
| 003 | OSt | ||
| 005 | 20240930090040.0 | ||
| 008 | 210716s2008 xx 000 0 und d | ||
| 020 | _a9788126534074 | ||
| 040 | _cAIMIT LIBRARY | ||
| 041 | _aeng | ||
| 082 |
_a382 _28 _bCZIM |
||
| 100 |
_aCzinkota, Michael R. _9180705 |
||
| 245 |
_aInternational business / _cBy Michael R Czinkota, Iikka A Ronkainen and Michael H Moffett. |
||
| 250 | _a8th ed. | ||
| 260 |
_aAustralia : _bCengage Learning India Pvt Ltd , _c2008. |
||
| 300 |
_axxii,746p. ; _bPB _c28 cm |
||
| 650 |
_aFoundations _9180706 |
||
| 650 |
_aEnvironment _9180707 |
||
| 650 |
_aStrategy _9180708 |
||
| 700 |
_aRonkainen, Iikka A. _9180709 |
||
| 700 |
_aMoffett, Michael H. _9180710 |
||
| 942 |
_2ddc _cBK _e8th _k382 CZIM |
||
| 999 |
_c209942 _d209942 |
||